Is it in Africa? Sudden Death - Statistics

General Stats
  • This quiz has been taken 252 times
  • The average score is 9 of 13
Answers on the Grid
Answers color-coded by a green-red scale on the quiz's grid according to % correct below.
Mount Kilimanjaro
Atacama Desert
Atlas Mountains
Nile River
Lake Tanganyika
Yellow River
Angel Falls
Lake Victoria
Zambezi River
Victoria Falls
Gobi Desert
Kalahari Desert
Sahara Desert
Volga River
the Sahel
Chihuahuan Desert
Congo River
Lake Chad
Karakoram Mountains
Andes Mountains
the Serengeti
Appalachian Mountains
Niagara Falls
the Matterhorn
 
Answer Stats
Answer % Correct
Congo River
80%
Nile River
80%
Lake Chad
75%
Sahara Desert
75%
Zambezi River
72%
Mount Kilimanjaro
71%
Lake Victoria
69%
the Serengeti
66%
Victoria Falls
65%
Lake Tanganyika
64%
Kalahari Desert
62%
the Sahel
52%
Atlas Mountains
48%
No matching quizzes found
Score Distribution
Percent of People with Each Score
Percentile by Number Answered
Your Score History
You have not taken this quiz